000 01948nam0a2200397 4500
001 RU\NLR\bibl\295404
005 20250620143633.0
010 _a5-7256-0316-4
_9100
021 _aRU
_b2002-19279
_9966
035 _a(NLR Aleph) 000290720
090 _a1702212
_c1702212
100 _a20020812d2002 |||y0rusy50 ca
101 0 _arus
102 _aRU
105 _aa |||||||||
200 1 _aКомпоненты телекоммуникационных систем. Анализ инженерных решений
_eУчеб. пособие
_fС.М. Сухман, А.В. Бернов, Б.В. Шевкопляс
_gМ-во образования Рос. Федерации, Моск. гос. ин-т электрон. техники (Техн. ун-т)
210 _aМ.
_cМИЭТ
_d2002
215 _a220 с.
_cил.
_d20
320 _aБиблиогр.: с. 214-215
517 0 _aАнализ инженерных решений
606 0 _aЭлектрическая связь
_jРуководства, пособия и т.п. для высшей школы
_xАппаратура
_xДетали
_91973143
_3RU\NLR\auth\661191003
606 0 _aЭлектросвязь
_jУчебные издания для высшей школы
_xАппаратура
_xДетали
_92256601
_3RU\NLR\auth\661353287
610 0 _aТелекоммуникационные системы - Архитектура
675 _a681.397(075.8)
_v3
_zrus
686 _a45
_2rugasnti
686 _a32.96я73
_2rubbk
686 _aЗ88-5-04я73-1
700 1 _aСухман
_bС. М.
_gСергей Маратович
_4070
701 1 _aБернов
_bА. В.
_gАркадий Валентинович
_4070
701 1 _aШевкопляс
_bБ. В.
_gБорис Владимирович
_4070
801 0 _aRU
_bRKP
_c20020812
_gPSBO
801 1 _aRU
_bRKP
_c20020812
801 2 _aRU
_bNLR
_c20020918
_grcr
942 _cBOOK
980 _aNB